|
|
|
|
| LEADER |
00000nam2a2200000 4500 |
| 001 |
352690 |
| 005 |
20231102010525.0 |
| 035 |
|
|
|a (RuTPU)RU\TPU\retro\9426
|
| 035 |
|
|
|a RU\TPU\book\77640
|
| 090 |
|
|
|a 352690
|
| 100 |
|
|
|a 20200130d1961 k y0rusy50 ca
|
| 101 |
0 |
|
|a rus
|
| 102 |
|
|
|a RU
|
| 105 |
|
|
|a a g 001zy
|
| 200 |
0 |
|
|a Вып. 39 : Олово
|f Н. М. Остроменцкий, Г. А. Фонтанов
|g научн. ред. А. П. Прокофьев
|
| 210 |
|
|
|d 1961
|
| 215 |
|
|
|a 52 с.
|c ил.
|
| 320 |
|
|
|a Библиогр.: с. 50-51.
|
| 461 |
|
1 |
|0 (RuTPU)RU\TPU\book\77886
|t Требования промышленности к качеству минерального сырья
|o справочник для геологов
|f Всесоюзный научно-исследовательский институт минерального сырья; гл. ред. А. Д. Ершов
|v Вып. 39 : Олово
|e 2-е изд., перераб.
|d 1958-1965
|
| 606 |
1 |
|
|a Минеральное сырье
|x Анализ
|2 stltpush
|3 (RuTPU)RU\TPU\subj\44018
|
| 606 |
1 |
|
|a Оловорудные месторождения
|2 stltpush
|3 (RuTPU)RU\TPU\subj\46984
|9 66055
|
| 610 |
1 |
|
|a олово
|
| 610 |
1 |
|
|a свойства
|
| 610 |
1 |
|
|a применение
|
| 610 |
1 |
|
|a месторождения
|
| 610 |
1 |
|
|a переработка
|
| 610 |
1 |
|
|a технические требования
|
| 610 |
1 |
|
|a качество
|
| 610 |
1 |
|
|a справочники
|
| 675 |
|
|
|a 553.08(035)
|v 3
|
| 675 |
|
|
|a 553.45(035)
|v 3
|
| 700 |
|
1 |
|a Остроменцкий
|b Н. М.
|
| 701 |
|
1 |
|a Фонтанов
|b Г. А.
|
| 702 |
|
1 |
|a Прокофьев
|b А. П.
|4 340
|
| 801 |
|
1 |
|a RU
|b 63413507
|c 20050201
|g PSBO
|
| 801 |
|
2 |
|a RU
|b 63413507
|c 20200130
|g PSBO
|
| 942 |
|
|
|c BK
|